Análisis de transferencia de calor en tanques de almacenamiento
Đã lưu trong:
| Tác giả chính: | |
|---|---|
| Định dạng: | Không biết |
| Được phát hành: |
[San José, Costa Rica]
1984
|
| Các nhãn: |
Thêm thẻ
Không có thẻ, Là người đầu tiên thẻ bản ghi này!
|
MARC
| LEADER | 00000 a2200000 4500 | ||
|---|---|---|---|
| 003 | 011337 | ||
| 005 | 20240805113157.0 | ||
| 008 | 140114s1984 c a m 000 0 s d | ||
| 040 | |c cru CEDI | ||
| 090 | |a TFG 403 | ||
| 100 | |a Araya Jacome, Antony, 1962- |9 3464 | ||
| 245 | |a Análisis de transferencia de calor en tanques de almacenamiento | ||
| 260 | |a [San José, Costa Rica] |c 1984 | ||
| 300 | |a 140 hojas :ilustraciones | ||
| 500 | |a Proyecto de graduación IM-410 (bachiller en ingeniería mecánica)--Universidad de Costa Rica. Facultad de Ingeniería. Escuela de Ingeniería Mecánica. | ||
| 942 | |c TFG |h TFG 403 |i 011337 |6 TFG_403_011337000000000 | ||
| 999 | |c 12293 |d 12293 | ||
